Top 10 Exporters of Gold - Statistics

General Stats
  • This quiz has been taken 42 times
  • The average score is 6 of 10
Answer Stats
Value Answer % Correct
18,138 USA
97%
16,091 Australia
83%
17,882 South Africa
83%
12,921 Canada
80%
25,772 UK
74%
15,369 UAE
43%
63,781 Switzerland
40%
10,128 Singapore
31%
10,030 Ghana
26%
12,076 Hong Kong
20%
No matching quizzes found
Score Distribution
Percent of People with Each Score
Percentile by Number Answered
Your Score History
You have not taken this quiz